[Event "Challenge"]
[Site "http://www.queenalice.com/game.php?id=1056893"]
[Date "2012.5.6"]
[Round "-"]
[White "Racey"]
[Black "Zero3963"]
[Result "0-1"]
[WhiteElo "1489"]
[BlackElo "1433"]

1. d4 d5 2. b4 e5 3. b5 Nd7 4. Nc3 e4 5. Nxd5 Ndf6 6. Nxf6+ Nxf6 7. c4 Bb4+ 8.
Bd2 a5 9. a4 Qxd4 10. Rc1 b6 11. e3 Qe5 12. h4 Bg4 13. f3 Qg3+ 14. Ke2 Rd8 15.
Rc2 exf3+ 16. gxf3 Bxf3+ 17. Nxf3 Ne4 18. Rh2 Bxd2 19. h5 h6 20. Rxd2 Rxd2+ 21.
Nxd2 Qxh2+ 22. Kd3 Nf2+ 23. Kc2 Nxd1 24. Kxd1 O-O 25. Be2 c5 26. e4 Re8 27. Bg4
Qg1+ 28. Kc2 Qxg4 29. Kd3 f5 30. exf5 Qe2+ 31. Kc2 Rd8 32. Kc1 Rxd2 33. f6 Qd1#
0-1

[Event "Challenge"]
[Site "http://www.queenalice.com/game.php?id=1057334"]
[Date "2012.5.7"]
[Round "-"]
[White "vangogh"]
[Black "Zero3963"]
[Result "0-1"]
[WhiteElo "1453"]
[BlackElo "1395"]

1. e4 e5 2. Bc4 Nf6 3. d3 Bc5 4. Qf3 O-O 5. g4 Nc6 6. g5 Nd4 7. Qd1 b5 8. Bb3
Nxb3 9. cxb3 d5 10. gxf6 Qxf6 11. Qc2 c6 12. Qxc5 Qg6 13. Nf3 Qg2 14. Qxc6 Qxh1+
15. Kd2 Be6 16. Nxe5 Rac8 17. Qxb5 Qxc1+ 18. Ke2 Qxb2+ 19. Nd2 Qxa1 20. f4 Bg4+
21. Nxg4 Rc1 22. Qxd5 Re1+ 23. Kf2 Qd1 24. Nf3 Rf1+ 25. Ke3 Qxf3+ 26. Kd4 Qxg4
27. a4 Qxf4 28. a5 Rc8 29. Qd7 Qc7 30. Qb5 Qc3+ 31. Ke3 Rd8 32. Qf5 Qxd3# 0-1

[Event "Challenge"]
[Site "http://www.queenalice.com/game.php?id=1057335"]
[Date "2012.5.7"]
[Round "-"]
[White "vangogh"]
[Black "Zero3963"]
[Result "1-0"]
[WhiteElo "1438"]
[BlackElo "1410"]

1. e4 e5 2. Qf3 Nf6 3. g4 d5 4. Nc3 d4 5. g5 Nbd7 6. Bc4 Qe7 7. Nb5 Nb6 8. gxf6
Qxf6 9. Nxc7+ Kd7 10. Nxa8 Nxa8 11. d3 Nc7 12. Bxf7 Ne6 13. Bxe6+ Qxe6 14. Bd2
Qb6 15. Qf5+ Kc6 16. Qxe5 Qxb2 17. Qd5+ Kc7 18. Ba5+ b6 19. Qf7+ Kc6 20. Qc4+
Bc5 21. Qa4+ b5 22. Qb3 Qxa1+ 23. Kd2 Qf1 24. Qe6+ Kb7 25. Qd5+ Ka6 26. Bc7 Bb4+
27. c3 dxc3+ 28. Ke3 Rf8 29. Qc6# 1-0

[Event "Challenge"]
[Site "http://www.queenalice.com/game.php?id=1057485"]
[Date "2012.5.8"]
[Round "-"]
[White "Zero3963"]
[Black "sunking"]
[Result "0-1"]
[WhiteElo "1429"]
[BlackElo "1586"]

1. e4 Nc6 2. Nf3 e5 3. d4 Nxd4 4. Nxd4 exd4 5. Qxd4 Qe7 6. e5 Qe6 7. Bc4 Qb6 8.
Qf4 f6 9. exf6 Nxf6 10. O-O d5 11. Qe5+ Be7 12. Bxd5 Bd7 13. Nc3 O-O-O 14. Qxe7
Rhe8 15. Qxg7 Nxd5 16. Nxd5 Qc5 17. Qe5 Rxe5 18. Nf6 Bb5 19. Be3 Qxc2 20. b3
Bxf1 21. Rxf1 Rd1 22. Ng4 Re4 23. Nf6 Rxe3 24. fxe3 Qe2 25. h4 Rxf1+ 26. Kh2
Qxe3 27. Ng4 Qe4 28. Kh3 h5 29. Nh2 Rf2 30. Nf3 Qg4+ 31. Kh2 Qg3+ 32. Kg1 Qxg2#
0-1

[Event "Challenge"]
[Site "http://www.queenalice.com/game.php?id=1058862"]
[Date "2012.5.12"]
[Round "-"]
[White "R0ni"]
[Black "Zero3963"]
[Result "1-0"]
[WhiteElo "2582"]
[BlackElo "1433"]

1. e4 Nc6 2. Nf3 e5 3. Bb5 Nge7 4. O-O d5 5. exd5 Qxd5 6. Nc3 Qd7 7. Nxe5 Qe6 8.
Re1 b6 9. Nxc6 Nxc6 10. Bxc6+ Bd7 11. Bxa8 Be7 12. Rxe6 Bxe6 13. Bc6+ Kd8 14.
Qe2 g5 15. Qe5 Rf8 16. Nb5 Bd6 17. Nxd6 cxd6 18. Qxd6+ Kc8 19. Bb5 Rd8 20. Ba6#
1-0

[Event "Challenge"]
[Site "http://www.queenalice.com/game.php?id=1062523"]
[Date "2012.5.22"]
[Round "-"]
[White "Scaracioli"]
[Black "Zero3963"]
[Result "1-0"]
[WhiteElo "1655"]
[BlackElo "1442"]

1. e4 e5 2. Nf3 d5 3. exd5 Qxd5 4. Nc3 Qe6 5. Bd3 Bd6 6. Qe2 Nf6 7. O-O Nc6 8.
h3 Nd4 9. Nxd4 exd4 10. Qxe6+ Bxe6 11. Ne2 c5 12. b3 O-O 13. c3 Be5 14. c4 a6
15. f4 Bc7 16. Bb2 b5 17. cxb5 Ba5 18. Rfd1 axb5 19. Bxb5 Ne4 20. Bc1 d3 21.
Bxd3 Bb6 22. Bxe4 c4+ 23. d4 cxb3 24. Bxa8 Rxa8 25. a3 g6 26. Bb2 Bc4 27. Rd2
Ba5 28. Nc3 f5 29. Re1 Bc7 30. g3 Kf7 31. Kh2 h5 32. Re3 Kf6 33. d5 g5 34. Re6+
Kf7 35. fxg5 Bxd5 36. Nxd5 Rd8 37. Rf6+ Kg7 38. Rxf5+ Kh7 39. Nf6+ Kg6 40. Rxd8
Bxd8 41. Rd5 Be7 42. Ng8 Bxg5 43. h4 Be3 44. Ne7+ Kf7 45. Nf5 Bf2 46. Rd6 Bc5
47. Rd5 Bf8 48. Rb5 Ke6 49. Nd4+ Kd6 50. Nxb3 Ke6 51. a4 Kd6 52. a5 Kc6 53. Rxh5
Kb7 54. Bd4 Ka6 55. Rf5 Bb4 56. Bb6 Kb7 57. h5 Bc3 58. h6 Ka6 59. g4 Bh8 60. g5
Bc3 61. g6 1-0

[Event "Challenge"]
[Site "http://www.queenalice.com/game.php?id=1062755"]
[Date "2012.5.23"]
[Round "-"]
[White "Zero3963"]
[Black "vangogh"]
[Result "1-0"]
[WhiteElo "1435"]
[BlackElo "1397"]

1. e4 e5 2. Nf3 Nf6 3. d4 Nxe4 4. Nxe5 d6 5. Nf3 f5 6. d5 c6 7. dxc6 bxc6 8. Qd3
Qb6 9. Be3 Qxb2 10. Bd4 Qb4+ 11. c3 Qb2 12. c4 Qb4+ 13. Nbd2 c5 14. a3 Qa4 15.
Nxe4 Nc6 16. Nc3 Qb3 17. Nb5 Qxd3 18. Bxd3 cxd4 19. Nc7+ Kd8 20. Nxa8 Bb7 21.
Ng5 Ke8 22. Nc7+ Kd7 23. Nge6 Be7 24. O-O Ne5 25. Bxf5 Nxc4 26. Rfc1 Ne5 27.
Nc5+ Kxc7 28. Rab1 dxc5 29. Rb2 Nd3 30. Bxd3 g5 31. Rcb1 Rf8 32. Rxb7+ Kd6 33.
Rxa7 h5 34. a4 Rc8 35. Rc1 g4 36. g3 Bg5 37. f4 Bf6 38. Ra6+ Ke7 39. f5 Rb8 40.
Re6+ Kf7 41. Rxc5 Be7 42. Rc7 Re8 43. Rcxe7+ Rxe7 44. a5 Ra7 45. a6 Rc7 46. Be4
Rc1+ 47. Kf2 Rc3 48. a7 Ra3 49. a8=R Re3 50. Ra7+ Kg8 51. Re8# 1-0

[Event "Challenge"]
[Site "http://www.queenalice.com/game.php?id=1064095"]
[Date "2012.5.25"]
[Round "-"]
[White "Zero3963"]
[Black "QDigg"]
[Result "0-1"]
[WhiteElo "1441"]
[BlackElo "1182"]

1. e4 e5 2. Nf3 Nc6 3. Bc4 a6 4. O-O b5 5. Bd5 Nge7 6. Ng5 Nxd5 7. exd5 Nd4 8.
d3 Be7 9. c3 Bxg5 10. Bxg5 Qxg5 11. cxd4 O-O 12. Qd2 Qf6 13. Nc3 exd4 14. Ne4
Qh6 15. f4 d6 16. Qf2 Bf5 17. Qxd4 c5 18. Qe3 Rae8 19. h3 c4 20. Qb6 cxd3 21.
Nxd6 Be4 22. Qc5 Qg6 23. g4 d2 24. Nxe8 Rxe8 25. Rad1 Bd3 26. f5 Qf6 27. d6 g6
28. d7 Rd8 29. Qd5 Qe7 30. Qxd3 Rxd7 31. Qc2 Qe3+ 32. Kg2 Rd3 33. f6 Qe2+ 34.
Kg1 Rg3+ 35. Kh1 Qg2# 0-1

[Event "Challenge"]
[Site "http://www.queenalice.com/game.php?id=1065746"]
[Date "2012.5.29"]
[Round "-"]
[White "Zero3963"]
[Black "Espinete"]
[Result "0-1"]
[WhiteElo "1414"]
[BlackElo "1755"]

1. e4 e5 2. Nf3 d6 3. d4 Bg4 4. Bc4 Bxf3 5. Qxf3 Nf6 6. dxe5 dxe5 7. O-O Nc6 8.
Nc3 Nd4 9. Qe3 Nxc2 10. Qg5 Nxa1 11. Qxe5+ Be7 12. Nd5 Nxd5 13. Bxd5 c6 14. Qxg7
Rf8 15. Bb3 Nxb3 16. axb3 h5 17. g4 Bf6 18. Qh7 hxg4 19. f4 gxf3 20. Rxf3 Ke7
21. Qf5 Qd4+ 22. Be3 Rg8+ 23. Kf2 Qxb2+ 24. Ke1 Bc3+ 25. Kd1 Rad8+ 26. Bd2 Qxd2#
0-1

[Event "Challenge"]
[Site "http://www.queenalice.com/game.php?id=1072774"]
[Date "2012.6.16"]
[Round "-"]
[White "Lazarus"]
[Black "Zero3963"]
[Result "1-0"]
[WhiteElo "1529"]
[BlackElo "1415"]

1. e4 Nc6 2. d4 d5 3. Nc3 dxe4 4. Be3 Bf5 5. f3 Nf6 6. Bc4 g6 7. Qd2 Bg7 8.
O-O-O O-O 9. fxe4 Nxe4 10. Nxe4 Bxe4 11. Ne2 e5 12. Bh6 exd4 13. Rhf1 Ne5 14.
Bxg7 Kxg7 15. Bb3 c5 16. Qf4 Bxc2 17. Qxe5+ f6 18. Qf4 d3 19. Bxc2 g5 20. Qf5
Rg8 21. Bxd3 Qe8 22. Qxh7+ Kf8 23. Rxf6+ Qf7 24. Qxf7# 1-0

[Event "Challenge"]
[Site "http://www.queenalice.com/game.php?id=1072775"]
[Date "2012.6.16"]
[Round "-"]
[White "Zero3963"]
[Black "Lazarus"]
[Result "0-1"]
[WhiteElo "1413"]
[BlackElo "1499"]

1. e4 e5 2. Bc4 Nf6 3. Qf3 d5 4. exd5 c6 5. dxc6 Nxc6 6. Qb3 Be6 7. Bxe6 fxe6 8.
Ne2 Bc5 9. Qxe6+ Ne7 10. c3 Qc7 11. d4 exd4 12. cxd4 Bb6 13. Bg5 Ng4 14. Qxg4
O-O 15. Bf4 Qc6 16. Be5 Ng6 17. O-O Rae8 18. Nbc3 Nxe5 19. Qh4 Ng6 20. Qg5 Qc4
21. Rfe1 Qe6 22. d5 Qf7 23. d6 Bxf2+ 24. Kh1 Bxe1 25. Rxe1 Qf1+ 26. Ng1 Rxe1 27.
Qd5+ Kh8 28. Qd4 Rf2 29. Qg4 Qxg1# 0-1

[Event "?!?!?!?!"]
[Site "http://www.queenalice.com/game.php?id=1076231"]
[Date "2012.6.25"]
[Round "-"]
[White "Zero3963"]
[Black "Slorche"]
[Result "0-1"]
[WhiteElo "1322"]
[BlackElo "1705"]

1. e4 e5 2. Bc4 d6 3. Qf3 Nf6 4. Nc3 Be7 5. Nd5 Nxd5 6. Bxd5 O-O 7. Nh3 c6 8.
Bc4 b5 9. d3 bxc4 10. dxc4 Qa5+ 11. Bd2 Qb6 12. O-O-O Ba6 13. Qg4 Bf6 0-1

[Event "Challenge"]
[Site "http://www.queenalice.com/game.php?id=1076435"]
[Date "2012.6.26"]
[Round "-"]
[White "Scaracioli"]
[Black "Zero3963"]
[Result "1-0"]
[WhiteElo "1747"]
[BlackElo "1411"]

1. e4 e5 2. Nf3 d6 3. h3 Nf6 4. Nc3 c5 5. d3 g6 6. g4 Nc6 7. g5 Nh5 8. h4 f5 9.
gxf6 Nxf6 10. Bg5 Nd4 11. Nxd4 exd4 12. Nd5 Be7 13. Qf3 Nxd5 14. exd5 Rf8 15.
Qg2 Bxg5 16. hxg5 Qe7+ 17. Be2 h5 18. gxh6 g5 19. f3 Bf5 20. O-O-O O-O-O 21.
Rde1 Rg8 22. Bd1 Qf7 23. c4 Bxd3 24. Qg4+ Qd7 25. Qe6 Kb8 26. Qxd7 Rxd7 27. Kd2
Bb1 28. Re6 Bxa2 29. b3 Rf7 30. Kc2 g4 31. fxg4 Rf2+ 32. Kc1 d3 33. h7 Rh8 34.
Rxd6 d2+ 35. Kb2 Kc7 36. Re6 Rhf8 37. Kxa2 Rf1 38. Rxf1 Rxf1 39. h8=Q Re1 40.
Qg7+ Kd8 41. Qf8+ Kc7 42. d6+ Kc6 43. Bf3+ Kb6 44. Qd8+ Ka6 45. Qc8 Rxe6 46.
Qxb7+ Ka5 47. Qb5# 1-0

[Event "MrDJRVD"]
[Site "http://www.queenalice.com/game.php?id=1078269"]
[Date "2012.7.1"]
[Round "1"]
[White "Zero3963"]
[Black "Savage72"]
[Result "0-1"]
[WhiteElo "1415"]
[BlackElo "1945"]

1. e4 e6 2. d4 d5 3. e5 c5 4. Bb5+ Bd7 5. Bxd7+ Nxd7 6. Ne2 Qb6 7. O-O Ne7 8.
Be3 Nf5 9. Nf4 Qxb2 10. Nd2 cxd4 11. Qb1 Qxb1 12. Nxb1 dxe3 13. fxe3 Nxe3 0-1

[Event "Challenge"]
[Site "http://www.queenalice.com/game.php?id=1080114"]
[Date "2012.7.7"]
[Round "-"]
[White "Rogerio11"]
[Black "Zero3963"]
[Result "0-1"]
[WhiteElo "1270"]
[BlackElo "1400"]

1. e4 e5 2. Bc4 Nf6 3. Nf3 Bc5 4. Nxe5 d5 5. exd5 Nxd5 6. Qf3 f6 7. Qxd5 Nd7 8.
Nxd7 Qe7+ 9. Be2 Bxd7 10. d4 Bc6 11. Qc4 Bb4+ 12. c3 Qe4 13. Qxb4 O-O-O 14. f3
Qc2 15. Bf4 g5 16. d5 Rhe8 17. dxc6 Qxe2# 0-1

[Event "Challenge"]
[Site "http://www.queenalice.com/game.php?id=1088837"]
[Date "2012.7.30"]
[Round "-"]
[White "Rogerio11"]
[Black "Zero3963"]
[Result "1-0"]
[WhiteElo "1257"]
[BlackElo "1389"]

1. e4 e5 2. Bc4 Nf6 3. d3 Bc5 4. Nf3 d5 5. exd5 Nxd5 6. Nxe5 Qf6 7. Qe2 Nf4 8.
Qe4 O-O 9. Qxf4 Nd7 10. Nc3 Nxe5 11. d4 Bxd4 12. Qxd4 b6 13. Bd5 c5 14. Qe4 1-0